000 00639nam a2200229 i 4500
001 C2-0291897
003 PPAK
005 20180728024104.0
008 081028s2008 my a|||| ||||| | eng d
020 _a9789675065194
040 _aPPAK
_beng
_cPPAK
_erda
082 0 4 _a621.382
_223
090 0 0 _a621.382
_bFUN
_dR
245 0 0 _aFundamental of telecommunication
264 1 _aBatu Caves, Selangor :
_bVenton Publishing ,
_c2008
300 _av, 197 pages :
_billustrations ;
_c26 cm
336 _2rdacontent
_atext
337 _2rdamedia
_aunmediated
338 _2rdacarrier
_avolume
650 1 0 _aTelecomunication.
942 _ddc
_cB
999 _c96943
_d96943